000 00348nam a2200133 i 4500
001 bg
100 1 _aŁASTOWIECKI, J.
245 0 _aElementy i podzespoły półprzewodnikowych układów napędowych /
_cJ. Łastowiecki.
260 _aWarszawa,
_c1992.
040 _cBPK
041 _apol
942 _cKS
008 s pl f |000 0 pol
999 _c5391
_d5391
856 _uhttp://koha.tu.koszalin.pl/cgi-bin/koha/opac-detail.pl?biblionumber=5391
_yKatalog online BPK